Life is fundamentally management / (Record no. 209322)

MARC details
000 -LEADER
fixed length control field 00796nam a2200241Ia 4500
003 - CONTROL NUMBER IDENTIFIER
control field OSt
005 - DATE AND TIME OF LATEST TRANSACTION
control field 20240703105850.0
008 - FIXED-LENGTH DATA ELEMENTS--GENERAL INFORMATION
fixed length control field 210716s2012 xx 000 0 und d
020 ## - INTERNATIONAL STANDARD BOOK NUMBER
International Standard Book Number 9789350236208
040 ## - CATALOGING SOURCE
Transcribing agency AIMIT LIBRARY
041 ## - LANGUAGE CODE
Language code of text/sound track or separate title eng
082 ## - DEWEY DECIMAL CLASSIFICATION NUMBER
Classification number 374.22
Edition number 1
Item number SENA
100 ## - MAIN ENTRY--PERSONAL NAME
Personal name Senthivel, A.
9 (RLIN) 172388
245 ## - TITLE STATEMENT
Title Life is fundamentally management /
Statement of responsibility, etc. By A Senthivel and Govind Babu.
250 ## - EDITION STATEMENT
Edition statement 1st ed.
260 ## - PUBLICATION, DISTRIBUTION, ETC.
Place of publication, distribution, etc. Mumbai ;
Name of publisher, distributor, etc. Shroff Publications and Distributers Pvt Ltd ,
Date of publication, distribution, etc. 2012.
300 ## - PHYSICAL DESCRIPTION
Extent xiii,174,6p. ;
Other physical details PB
Dimensions 22.4 cm
650 ## - SUBJECT ADDED ENTRY--TOPICAL TERM
Topical term or geographic name entry element Scientific attitude vs. using-science attitude
9 (RLIN) 172389
650 ## - SUBJECT ADDED ENTRY--TOPICAL TERM
Topical term or geographic name entry element The science behind running the human head
9 (RLIN) 172390
650 ## - SUBJECT ADDED ENTRY--TOPICAL TERM
Topical term or geographic name entry element Sex and mankind
9 (RLIN) 172391
700 ## - ADDED ENTRY--PERSONAL NAME
Personal name Babu, Govind.
9 (RLIN) 172392
942 ## - ADDED ENTRY ELEMENTS (KOHA)
Source of classification or shelving scheme Dewey Decimal Classification
Koha item type Book
Edition 1st
Call number prefix 374.22 SENA
Holdings
Withdrawn status Lost status Source of classification or shelving scheme Damaged status Not for loan Collection code Home library Current library Date acquired Cost, normal purchase price Inventory number Total Checkouts Full call number Barcode Date last seen Cost, replacement price Price effective from Koha item type
    Dewey Decimal Classification     MBA St Aloysius Institute of Management & Information Technology St Aloysius Institute of Management & Information Technology 09/25/2015 250.00 Bill no:2445; Bill dt:2015-09-22   374.22 SENA MBA11888 05/23/2026 200.00 07/16/2021 Book